| 000 | 00405nam a2200133 a 4500 | ||
|---|---|---|---|
| 001 | 000044155 | ||
| 005 | 20201002045201.0 | ||
| 008 | 140602s2010 dr ac 000 0 spa d | ||
| 040 |
_aDO-SdBNP _bspa _cBNPHU |
||
| 100 | 1 |
_aNamis, Armando José _956116 |
|
| 245 | 1 | 0 |
_aNagua bajo las olas / _cArmando José Namis. |
| 260 |
_aSanto Domingo : _bAmigo del Hogar, _c2010. |
||
| 300 |
_a432 p. : _bil., retrs. ; _c23 cm. |
||
| 999 |
_c43644 _d43644 |
||